000 00986cad a22002055a 4500
001 E154637
008 120109e20111226xxk 000 0 eng u
035 _a(Sirsi) u154637
041 0 _aeng
110 2 _aBank of Scotland
_95792
245 0 0 _a77% of towns in Scotland are affordable for first-time buyers
_h[electronic resource]
260 _c2011
490 _aBank of Scotland Press Release
_v26 December 2011
520 _aThe latest Bank of Scotland First-Time Buyer Review suggests that most towns and cities in Scotland are affordable for first-time buyers on average incomes. 77% of local authority districts were affordable in November 2011, compared to 31% in 2007.
590 _aKA
651 4 _aScotland
_y1999-
690 _aPROPERTY-RESIDENTIAL PROPERTY-RESIDENTIAL PROPERTY MARKET
856 4 0 _uhttps://www.lloydsbankinggroup.com/media/pdfs/bos/2011/261211First_timebuyer_review.pdf
_zView the news release free of charge at www.lloydsbankinggroup.com
942 _n0
999 _c83691
_d83691